[Event "Challenge"]
[Site "http://www.queenalice.com/game.php?id=1797554"]
[Date "2022.10.7"]
[Round "-"]
[White "Grognard"]
[Black "Lordul"]
[Result "0-1"]
[WhiteElo "1453"]
[BlackElo "1706"]

1. Nf3 d5 2. d4 Bf5 3. a3 h6 4. e3 Bg4 5. c4 c6 6. cxd5 Qa5+ 7. Bd2 Qxd5 8. Be2
Bxf3 9. Bxf3 Qd7 10. O-O g5 11. Bc3 f6 12. Bh5+ Kd8 13. Be2 e6 14. Nd2 b5 15. b4
Qf7 16. Bf3 a6 17. Nb3 h5 18. h3 Ra7 19. Rc1 Qg6 20. Nc5 Bxc5 21. dxc5+ Rd7 22.
Qb3 g4 23. hxg4 hxg4 0-1

[Event "Challenge"]
[Site "http://www.queenalice.com/game.php?id=1797555"]
[Date "2022.10.7"]
[Round "-"]
[White "chyco"]
[Black "Grognard"]
[Result "1-0"]
[WhiteElo "1664"]
[BlackElo "1406"]

1. e4 e6 2. e5 d5 3. d4 c5 4. c3 Nc6 5. Nf3 Bd7 6. Be3 Qb6 7. b3 cxd4 8. cxd4
Bb4+ 9. Nbd2 Nge7 10. a3 Bxd2+ 11. Nxd2 Nf5 12. b4 Nxe3 13. fxe3 a6 14. Qg4 O-O
15. Bd3 1-0

[Event "Challenge"]
[Site "http://www.queenalice.com/game.php?id=1797632"]
[Date "2022.10.7"]
[Round "-"]
[White "Leanne"]
[Black "Grognard"]
[Result "1-0"]
[WhiteElo "1300"]
[BlackElo "1489"]

1. d4 d5 2. Nc3 Nf6 3. Bg5 e6 4. Nf3 c5 5. e3 cxd4 6. Qxd4 Be7 7. Bb5+ Bd7 8.
Bxd7+ Qxd7 9. O-O Nc6 10. Qf4 Bd6 11. Qh4 Be7 12. Bxf6 Bxf6 13. Qg4 O-O-O 14.
Nb5 a6 15. Nbd4 Nxd4 16. Nxd4 h5 17. Qf3 Bxd4 18. exd4 g6 19. a4 Kb8 20. b3 Rc8
21. Qf4+ Ka8 22. c4 dxc4 23. bxc4 Rxc4 24. Rfd1 1-0

[Event "Challenge"]
[Site "http://www.queenalice.com/game.php?id=1797633"]
[Date "2022.10.7"]
[Round "-"]
[White "Grognard"]
[Black "rfbcsa"]
[Result "0-1"]
[WhiteElo "1371"]
[BlackElo "1816"]

1. Nf3 d5 2. d4 Nf6 3. h3 e6 4. a3 Be7 5. Bg5 O-O 6. e3 c5 7. c4 Qa5+ 8. Qd2 Qb6
9. Nc3 h6 10. Bf4 Nc6 11. cxd5 exd5 12. dxc5 Qxc5 13. b4 Qb6 14. Na4 Qd8 15. Rc1
Ne4 16. Qd1 a6 17. Ne5 Nxe5 18. Bxe5 Bf6 19. Bxf6 Qxf6 20. Rc2 Be6 21. Bd3 Bf5
0-1

[Event "Challenge"]
[Site "http://www.queenalice.com/game.php?id=1797634"]
[Date "2022.10.7"]
[Round "-"]
[White "Grognard"]
[Black "mdfran72"]
[Result "0-1"]
[WhiteElo "1465"]
[BlackElo "1616"]

1. Nf3 g6 2. d4 Bg7 3. e3 Nf6 4. c4 O-O 5. Nc3 d6 6. Be2 e6 7. O-O c5 8. d5 e5
9. e4 Na6 10. a3 Bd7 11. h3 h6 12. Bd2 g5 13. Nh2 Nc7 14. Rb1 a6 15. Ng4 Nxg4
16. Bxg4 Bxg4 17. Qxg4 a5 18. a4 Na6 19. Nb5 Nb4 20. Bxb4 axb4 21. b3 b6 22. g3
Qe7 0-1

[Event "Challenge"]
[Site "http://www.queenalice.com/game.php?id=1797635"]
[Date "2022.10.7"]
[Round "-"]
[White "pomar"]
[Black "Grognard"]
[Result "1-0"]
[WhiteElo "1940"]
[BlackElo "1455"]

1. f3 d5 2. Kf2 Nf6 3. e3 h6 4. d4 e6 5. c4 c5 6. Qb3 cxd4 7. exd4 b6 8. Nc3 Bb7
9. Bd3 Be7 10. Nge2 Qc8 11. cxd5 Nxd5 12. Re1 O-O 13. Nxd5 Bxd5 14. Qc2 Qxc2 15.
Bxc2 Nc6 16. Be3 Bh4+ 17. g3 Bf6 18. Be4 Bxe4 19. fxe4 Rfd8 20. e5 Be7 21. a3 f6
22. Rac1 1-0

[Event "Challenge"]
[Site "http://www.queenalice.com/game.php?id=1797644"]
[Date "2022.10.7"]
[Round "-"]
[White "Grognard"]
[Black "matamuff"]
[Result "0-1"]
[WhiteElo "1373"]
[BlackElo "1766"]

1. Nf3 d6 2. d4 g6 3. e3 Bg7 4. c4 Nd7 5. Nc3 a6 6. Be2 e6 7. O-O Ne7 8. Bd2 b6
9. a4 Bb7 10. b3 O-O 11. Rc1 h6 12. h3 Nf6 13. Nh2 Nd7 14. Bf3 Bxf3 15. Nxf3 Kh7
16. Ne4 Nf6 17. Nxf6+ Bxf6 18. Bc3 Bg7 19. d5 Bxc3 0-1

[Event "Challenge"]
[Site "http://www.queenalice.com/game.php?id=1797646"]
[Date "2022.10.8"]
[Round "-"]
[White "Boltonben"]
[Black "Grognard"]
[Result "1-0"]
[WhiteElo "1796"]
[BlackElo "1360"]

1. e4 e6 2. d3 d5 3. Nc3 Nc6 4. Nf3 dxe4 5. Nxe4 h6 6. Be3 Be7 7. Be2 Nf6 8. O-O
O-O 9. c3 b6 10. a3 Bb7 11. b4 Nxe4 12. dxe4 Qxd1 13. Raxd1 Rad8 14. Bd4 Nxd4
15. Nxd4 Bxe4 16. Bf3 Bxf3 17. Nxf3 Bf6 18. Nd4 Bxd4 19. cxd4 1-0

[Event "Challenge"]
[Site "http://www.queenalice.com/game.php?id=1797663"]
[Date "2022.10.8"]
[Round "-"]
[White "Eggchaser"]
[Black "Grognard"]
[Result "1-0"]
[WhiteElo "1993"]
[BlackElo "1362"]

1. e4 e6 2. d4 d5 3. Nc3 dxe4 4. Nxe4 Be7 5. Nf3 b6 6. Bd3 Bb7 7. Be3 Nd7 8. O-O
Ngf6 9. Nxf6+ Nxf6 10. c3 h6 11. Qa4+ Qd7 12. Qxd7+ Nxd7 13. Nd2 O-O 14. Be4
Bxe4 15. Nxe4 c5 16. dxc5 Nxc5 17. Nxc5 Bxc5 18. Bxc5 bxc5 19. Rfd1 Rfd8 20. b3
a5 21. Kf1 Kf8 22. Ke2 1-0

[Event "AUTO-INT-3774"]
[Site "http://www.queenalice.com/game.php?id=1797690"]
[Date "2022.10.9"]
[Round "1"]
[White "Grognard"]
[Black "ValParada"]
[Result "0-1"]
[WhiteElo "1362"]
[BlackElo "1814"]

1. Nf3 d5 2. d4 Nf6 3. e3 c5 4. c4 cxd4 5. Nxd4 e5 6. Nf3 Nc6 7. cxd5 Nxd5 8.
Bb5 Qa5+ 9. Nc3 Nxc3 10. Bxc6+ bxc6 11. bxc3 Qxc3+ 12. Bd2 Qc5 13. O-O Be7 14.
Qa4 f6 15. Rfc1 Qb5 16. Qc2 c5 0-1

[Event "AUTO-INT-3774"]
[Site "http://www.queenalice.com/game.php?id=1797691"]
[Date "2022.10.9"]
[Round "1"]
[White "ValParada"]
[Black "Grognard"]
[Result "1-0"]
[WhiteElo "1814"]
[BlackElo "1362"]

1. d4 d5 2. c4 e6 3. Nc3 Nf6 4. cxd5 exd5 5. Bg5 Be7 6. e3 c6 7. Bd3 h6 8. Bh4
O-O 9. Nge2 Bg4 10. f3 Be6 11. O-O Nbd7 12. Nf4 Nh7 13. Nxe6 fxe6 14. Bg3 a6 15.
Qc2 Nhf6 16. Ne2 1-0

[Event "AUTO-INT-3774"]
[Site "http://www.queenalice.com/game.php?id=1797692"]
[Date "2022.10.9"]
[Round "1"]
[White "Grognard"]
[Black "xadreco5"]
[Result "0-1"]
[WhiteElo "1447"]
[BlackElo "1395"]

1. Nf3 d6 2. d4 Nf6 3. e3 g6 4. c4 Bg7 5. Nc3 O-O 6. Bd2 a6 7. a4 Nbd7 8. b3 e5
9. Bd3 Re8 10. O-O e4 11. Nxe4 Nxe4 12. Bxe4 Rxe4 13. Rc1 c5 14. d5 Ne5 15. Nxe5
Bxe5 16. f3 Qh4 17. g3 Bxg3 18. Qe2 Re5 19. Bc3 Rh5 0-1

[Event "AUTO-INT-3774"]
[Site "http://www.queenalice.com/game.php?id=1797693"]
[Date "2022.10.9"]
[Round "1"]
[White "xadreco5"]
[Black "Grognard"]
[Result "1-0"]
[WhiteElo "1413"]
[BlackElo "1429"]

1. e4 e6 2. d4 d5 3. exd5 exd5 4. c4 c6 5. Nc3 Nf6 6. cxd5 Nxd5 7. Nf3 Bg4 8. h3
Bxf3 9. Qxf3 Nf6 10. Bg5 Be7 11. Rd1 Nbd7 12. Bc4 O-O 13. O-O b5 14. Bb3 h6 15.
Bf4 Nb6 16. Rfe1 Bd6 17. Be5 Be7 18. Qxc6 Rc8 19. Qxb5 Bd6 20. Nd5 1-0

[Event "AUTO-INT-3774"]
[Site "http://www.queenalice.com/game.php?id=1797694"]
[Date "2022.10.9"]
[Round "1"]
[White "Grognard"]
[Black "game"]
[Result "0-1"]
[WhiteElo "1400"]
[BlackElo "1443"]

1. Nf3 b5 2. e3 d5 3. d4 Bf5 4. Bd2 Nc6 5. a3 e5 6. dxe5 b4 7. axb4 d4 8. exd4
Bxb4 9. c3 Ba5 10. Bb5 Bd7 11. Bxc6 Bxc6 12. Rxa5 Qe7 13. O-O Be4 14. Qa4+ Kf8
15. Rxa7 Rb8 16. Ra8 Bxa8 17. b4 h5 18. Bg5 Qe6 19. Qa7 Qe8 20. Qc5+ Ne7 21.
Qxc7 Be4 22. Bxe7+ Kg8 0-1

[Event "AUTO-INT-3774"]
[Site "http://www.queenalice.com/game.php?id=1797695"]
[Date "2022.10.9"]
[Round "1"]
[White "game"]
[Black "Grognard"]
[Result "1-0"]
[WhiteElo "1457"]
[BlackElo "1386"]

1. e4 e6 2. Bc4 d5 3. exd5 exd5 4. Bb3 c6 5. Nf3 Be7 6. Ne5 Nf6 7. c4 O-O 8. d3
Re8 9. O-O Nbd7 10. Re1 Nxe5 11. Rxe5 Bd6 12. Rg5 h6 13. Rg3 Bxg3 14. fxg3 Bg4
15. Qc2 Re1+ 16. Kf2 Re2+ 17. Kf1 Rxc2 18. Bxc2 Qe7 19. h3 Bh5 20. Bd2 Re8 21.
Nc3 Be2+ 22. Kg1 1-0

[Event "AUTO-OPEN-4396"]
[Site "http://www.queenalice.com/game.php?id=1797904"]
[Date "2022.10.12"]
[Round "1"]
[White "Grognard"]
[Black "Christhechessplayer"]
[Result "0-1"]
[WhiteElo "1491"]
[BlackElo "2097"]

1. Nf3 d5 2. d4 Nf6 3. e3 e6 4. a3 c5 5. c4 Nc6 6. cxd5 exd5 7. Bd2 cxd4 8. Nxd4
Nxd4 9. exd4 Bd6 10. Bb5+ Bd7 11. Nc3 O-O 12. O-O Ne4 13. Bxd7 Qxd7 0-1

[Event "AUTO-OPEN-4396"]
[Site "http://www.queenalice.com/game.php?id=1797905"]
[Date "2022.10.12"]
[Round "1"]
[White "Christhechessplayer"]
[Black "Grognard"]
[Result "1-0"]
[WhiteElo "2095"]
[BlackElo "1493"]

1. e4 e6 2. d4 d5 3. Nd2 Nf6 4. e5 Nfd7 5. Bd3 c5 6. c3 a6 7. Ne2 cxd4 8. cxd4
Nc6 9. Nf3 Bb4+ 10. Bd2 Qb6 11. O-O Bxd2 12. Qxd2 h6 13. Rac1 O-O 14. Bb1 1-0